| 000 | 00493nam a2200169Ia 4500 | ||
|---|---|---|---|
| 008 | 151213s9999 xx 000 0 und d | ||
| 020 | _a984-508-437-0 | ||
| 082 |
_a310.5492 _b310.5492 |
||
| 100 | _aBangladesh Bureou of Statistics | ||
| 245 |
_aMethods and Data Sources _cBangladesh Bureou of Statistics |
||
| 260 |
_aDhaka _bB B S _c2002 |
||
| 300 | _a6383 p. | ||
| 650 | _aReference | ||
| 650 | _aStatistics Report : Reference | ||
| 700 | _aBangladesh Bureou of Statistics | ||
| 999 |
_c3517 _d3517 |
||